| 000 | 00389nam a22001457a 4500 | ||
|---|---|---|---|
| 020 | _a0750662735 | ||
| 082 |
_a621.67 _bPAR/PR |
||
| 100 |
_aParesh, Girdhar _91007 |
||
| 100 |
_aMoniz,Octo _91008 |
||
| 245 | _aPractical Centrifugal Pumps; Design, Operation and Maintenance | ||
| 260 |
_aAmsterdam _bNewnes - Elsevier _c2005 |
||
| 300 | _a250 | ||
| 700 |
_aMackay, Steve _91009 |
||
| 942 | _cBK | ||
| 999 |
_c14585 _d14585 |
||